[Event "HUN-chT2 Erkel 0910"]
[Site "Hungary"]
[Date "2010.02.28"]
[Round "7.10"]
[White "Bodi, Tibor"]
[Black "Botka, Jozsef"]
[Result "1-0"]
[WhiteElo "1898"]
[BlackElo "1914"]
[PlyCount "45"]
[EventDate "2009.11.08"]
[EventType "team-tourn"]
[EventRounds "11"]
[EventCountry "HUN"]
[SourceTitle "EXT 2011"]
[Source "ChessBase"]
[SourceDate "2010.11.26"]
[SourceVersion "1"]
[SourceVersionDate "2010.11.26"]
[SourceQuality "1"]
[WhiteTeam "Budapest MTK"]
[BlackTeam "Godollo"]
[WhiteTeamCountry "HUN"]
[BlackTeamCountry "HUN"]

1. e4 c6 2. d4 d5 3. exd5 cxd5 4. Bd3 Nf6 5. c3 e6 6. Bg5 Be7 7. Nf3 Ne4 8. Bxe7 Qxe7 9. Nbd2 Nxd2 10. Qxd2 b6 11. a4 Ba6 12. a5 Bxd3 13. Qxd3 bxa5 14. Rxa5 Nc6 15. Rc5 Qb7 16. 0-0 Rc8 17. b4 Ne7 18. Ra1 Rxc5 19. dxc5 0-0 20. Qa6 Qxa6 21. Rxa6 Nc8 22. Kf1 f6 23. Rxe6 1-0

[Event "HUN-chT2 Erkel 0809"]
[Site "Hungary"]
[Date "2009.02.08"]
[Round "7.10"]
[White "Halak, Miklos"]
[Black "Botka, Jozsef"]
[Result "1-0"]
[WhiteElo "1939"]
[BlackElo "1940"]
[PlyCount "79"]
[EventDate "2008.10.26"]
[EventType "team-tourn"]
[EventRounds "11"]
[EventCountry "HUN"]
[SourceTitle "EXT 2010"]
[Source "ChessBase"]
[SourceDate "2010.11.25"]
[SourceVersion "1"]
[SourceVersionDate "2010.11.25"]
[SourceQuality "1"]
[WhiteTeam "Foti"]
[BlackTeam "Godollo"]
[WhiteTeamCountry "HUN"]
[BlackTeamCountry "HUN"]

1. e4 c6 2. d4 d5 3. Nc3 dxe4 4. Nxe4 Nd7 5. Bc4 Ngf6 6. f3 e6 7. Bg5 h6 8. Bh4 Be7 9. Ne2 Qb6 10. Bb3 0-0 11. 0-0 Qd8 12. c4 b6 13. Bg3 Bb7 14. Nf4 c5 15. d5 Nxe4 16. fxe4 e5 17. Nd3 Bd6 18. Ba4 f6 19. Qg4 Rf7 20. Rf5 Qe7 21. Raf1 Raf8 22. Qg6 Kh8 23. Bxd7 Qxd7 24. Bxe5 Qe7 25. Bxd6 Qxd6 26. e5 Qd8 27. e6 Rc7 28. Ne5 Kg8 29. Nf7 Rcxf7 30. exf7+ Rxf7 31. Re1 Bc8 32. Rf3 Bd7 33. Rfe3 a6 34. d6 Bc6 35. Re7 Rxe7 36. Rxe7 Qf8 37. Qf5 Qd8 38. Qe6+ Kh7 39. Qf7 Qg8 40. Qxg8+ 1-0

[Event "HUN-chT2 Erkel 0809"]
[Site "Hungary"]
[Date "2008.12.21"]
[Round "4.8"]
[White "Sandor, Tamas"]
[Black "Botka, Jozsef"]
[Result "1-0"]
[WhiteElo "1978"]
[BlackElo "1940"]
[PlyCount "84"]
[EventDate "2008.10.26"]
[EventType "team-tourn"]
[EventRounds "11"]
[EventCountry "HUN"]
[SourceTitle "EXT 2010"]
[Source "ChessBase"]
[SourceDate "2010.11.25"]
[SourceVersion "1"]
[SourceVersionDate "2010.11.25"]
[SourceQuality "1"]
[WhiteTeam "HMO"]
[BlackTeam "Godollo"]
[WhiteTeamCountry "HUN"]
[BlackTeamCountry "HUN"]

1. Nf3 Nf6 2. g3 g6 3. Bg2 Bg7 4. 0-0 0-0 5. c4 d5 6. d4 dxc4 7. Na3 Be6 8. Ng5 Bc8 9. Nxc4 h6 10. Nf3 c6 11. Re1 Be6 12. Nce5 Nbd7 13. e4 Nxe5 14. Nxe5 Qc7 15. Qc2 Rac8 16. Nd3 Rfd8 17. Nc5 Bd7 18. Qb3 Be8 19. e5 Nh7 20. Be3 b6 21. Ne4 Nf8 22. Bh3 Bd7 23. Bf1 Be6 24. Qa3 Bd5 25. Nc3 e6 26. Rac1 Qb8 27. b4 Nd7 28. f4 Bf8 29. Qb2 b5 30. Nxd5 cxd5 31. Rxc8 Rxc8 32. g4 a6 33. f5 Nb6 34. fxg6 fxg6 35. Qb1 Kg7 36. Bd3 g5 37. Bh7 Kh8 38. Qg6 Bg7 39. h4 Nc4 40. hxg5 hxg5 41. Qh5 Nxe3 42. Bf5+ Kg8 1-0

[Event "HUN-chT2 Erkel 0809"]
[Site "Hungary"]
[Date "2008.10.26"]
[Round "1.11"]
[White "Kovacs, Istvan2222"]
[Black "Botka, Jozsef"]
[Result "0-1"]
[WhiteElo "1901"]
[BlackElo "1940"]
[PlyCount "40"]
[EventDate "2008.10.26"]
[EventType "team-tourn"]
[EventRounds "11"]
[EventCountry "HUN"]
[SourceTitle "EXT 2010"]
[Source "ChessBase"]
[SourceDate "2010.11.25"]
[SourceVersion "1"]
[SourceVersionDate "2010.11.25"]
[SourceQuality "1"]
[WhiteTeam "Ujszasz"]
[BlackTeam "Godollo"]
[WhiteTeamCountry "HUN"]
[BlackTeamCountry "HUN"]

1. e4 c6 2. d4 d5 3. exd5 cxd5 4. c4 Nf6 5. Nc3 Nc6 6. Nf3 Bg4 7. cxd5 Nxd5 8. Qb3 Bxf3 9. gxf3 e6 10. Qxb7 Nxd4 11. Bb5+ Nxb5 12. Qc6+ Ke7 13. Nxb5 Rc8 14. Qb7+ Kf6 15. b3 Bb4+ 16. Kf1 Rc2 17. Nd4 Rc7 18. Qb5 Bc3 19. Rg1 h6 20. Nc6 Qd6 0-1

[Event "HUN-chT2 Erkel 0708"]
[Site "Hungary"]
[Date "2008.03.30"]
[Round "9"]
[White "Albert, Kornelia"]
[Black "Botka, Jozsef"]
[Result "1/2-1/2"]
[WhiteElo "2166"]
[BlackElo "1946"]
[PlyCount "112"]
[EventDate "2007.10.14"]
[EventType "team"]
[EventRounds "11"]
[EventCountry "HUN"]
[SourceTitle "EXT 2009"]
[Source "ChessBase"]
[SourceDate "2008.11.26"]
[SourceVersion "1"]
[SourceVersionDate "2008.11.26"]
[SourceQuality "1"]
[WhiteTeam "Statisztika II"]
[BlackTeam "Godollo"]
[WhiteTeamCountry "HUN"]
[BlackTeamCountry "HUN"]

1. e4 c6 2. d4 d5 3. e5 Bf5 4. Nf3 e6 5. Be2 c5 6. Be3 Qb6 7. Qc1 Nc6 8. c3 Rc8 9. 0-0 cxd4 10. cxd4 Nge7 11. Nc3 Nb4 12. Ne1 Bg6 13. a3 Nbc6 14. Qd2 Nf5 15. Na4 Qa5 16. Qd1 Nxe3 17. fxe3 Be7 18. b4 Qd8 19. Nd3 0-0 20. Nac5 b6 21. Nb3 Bg5 22. Nf4 Nxe5 23. dxe5 Bc2 24. Qd2 Bxb3 25. Rac1 Bc4 26. Bxc4 dxc4 27. Rfd1 Qxd2 28. Rxd2 Rfd8 29. Rcd1 Rxd2 30. Rxd2 Kf8 31. Kf2 b5 32. Ne2 Rd8 33. Rxd8+ Bxd8 34. Nc3 a6 35. Kf3 Bc7 36. Ke4 f6 37. exf6 gxf6 38. a4 bxa4 39. Nxa4 Bxh2 40. Kd4 Bg1 41. Nc5 e5+ 42. Kxc4 Bxe3 43. Nxa6 Ke7 44. Kd5 Kd7 45. Nb8+ Kc7 46. Nc6 Kb6 47. Ne7 Kb5 48. Ke4 Bg5 49. Nd5 Kc4 50. g3 h5 51. Ne7 Kxb4 52. Nc6+ Kc3 53. Nxe5 fxe5 54. Kxe5 Kd3 55. Kf5 h4 56. gxh4 Bxh4 1/2-1/2

[Event "HUN-chT2 Erkel 0708"]
[Site "Hungary"]
[Date "2007.12.09"]
[Round "4"]
[White "Kantor, David"]
[Black "Botka, Jozsef"]
[Result "1/2-1/2"]
[WhiteElo "2069"]
[BlackElo "1946"]
[PlyCount "35"]
[EventDate "2007.10.14"]
[EventType "team"]
[EventRounds "11"]
[EventCountry "HUN"]
[SourceTitle "EXT 2009"]
[Source "ChessBase"]
[SourceDate "2008.11.26"]
[SourceVersion "1"]
[SourceVersionDate "2008.11.26"]
[SourceQuality "1"]
[WhiteTeam "Keviterv"]
[BlackTeam "Godollo"]
[WhiteTeamCountry "HUN"]
[BlackTeamCountry "HUN"]

1. d4 Nf6 2. Nf3 d5 3. Bg5 Nbd7 4. e3 Ne4 5. Bf4 e6 6. Nbd2 Ndf6 7. Bd3 h6 8. 0-0 Bd6 9. Bxd6 Qxd6 10. c4 c5 11. cxd5 exd5 12. Bb5+ Bd7 13. Bxd7+ Nxd7 14. dxc5 Ndxc5 15. Nxe4 Nxe4 16. Qd4 0-0 17. Rac1 b6 18. b4 1/2-1/2

[Event "HUN-chT2 Erkel 0506"]
[Site "Hungary"]
[Date "2006.01.22"]
[Round "6"]
[White "Botka, Jozsef"]
[Black "Zala, Gyula"]
[Result "1/2-1/2"]
[WhiteElo "1989"]
[BlackElo "2145"]
[PlyCount "22"]
[EventDate "2005.10.16"]
[EventType "team"]
[EventRounds "11"]
[EventCountry "HUN"]
[SourceTitle "EXT 2009"]
[Source "ChessBase"]
[SourceDate "2008.11.26"]
[SourceVersion "1"]
[SourceVersionDate "2008.11.26"]
[SourceQuality "1"]
[WhiteTeam "Godollo"]
[BlackTeam "Vaci"]
[WhiteTeamCountry "HUN"]
[BlackTeamCountry "HUN"]

1. e4 e5 2. Nf3 d5 3. Nxe5 Qe7 4. d4 f6 5. Nd3 dxe4 6. Nf4 g5 7. Nd5 Qg7 8. Nbc3 c6 9. Ne3 Bb4 10. Bd2 Bxc3 11. Bxc3 Ne7 1/2-1/2

[Event "Tapolca Evadnyito op"]
[Site "Budapest"]
[Date "2005.01.07"]
[Round "1"]
[White "Nagy, Zoltan"]
[Black "Botka, Jozsef"]
[Result "1-0"]
[WhiteElo "2265"]
[BlackElo "2011"]
[PlyCount "71"]
[EventDate "2005.01.07"]
[EventType "swiss"]
[EventRounds "9"]
[EventCountry "HUN"]
[SourceTitle "EXT 2008"]
[Source "ChessBase"]
[SourceDate "2007.11.25"]
[SourceVersion "1"]
[SourceVersionDate "2007.11.25"]
[SourceQuality "1"]

1. e4 c6 2. d4 d5 3. Nd2 dxe4 4. Nxe4 Nd7 5. Bc4 Ngf6 6. Ng5 e6 7. Qe2 Nb6 8. Bd3 h6 9. N5f3 c5 10. dxc5 Bxc5 11. Ne5 Qc7 12. Ngf3 Nbd7 13. 0-0 0-0 14. Re1 b6 15. Bf4 Bd6 16. Rad1 Nxe5 17. Nxe5 Bb7 18. Bg3 Rfd8 19. Rd2 Bd5 20. a3 Bxe5 21. Bxe5 Qe7 22. Red1 Nd7 23. Bc7 Rdc8 24. Bg3 Nc5 25. c4 Bb7 26. Bc2 Rd8 27. Bd6 Qg5 28. f4 Qh4 29. b4 Na6 30. Rd3 Rac8 31. Rg3 Nc7 32. Rg4 Qf6 33. Be5 Rxd1+ 34. Qxd1 Qd8 35. Rxg7+ Kf8 36. Qh5 1-0

[Event "HUN-chT2 Erkel 0203"]
[Site "Hungary"]
[Date "2003.04.13"]
[Round "11"]
[White "Szucs, Imre"]
[Black "Botka, Jozsef"]
[Result "0-1"]
[WhiteElo "1937"]
[BlackElo "1947"]
[PlyCount "88"]
[EventDate "2002.09.22"]
[EventType "team"]
[EventRounds "11"]
[EventCountry "HUN"]
[SourceTitle "EXT 2009"]
[Source "ChessBase"]
[SourceDate "2008.11.26"]
[SourceVersion "1"]
[SourceVersionDate "2008.11.26"]
[SourceQuality "1"]

1. d4 d5 2. e4 dxe4 3. Nc3 e5 4. dxe5 Qxd1+ 5. Nxd1 Nc6 6. Bb5 Bd7 7. Bxc6 Bxc6 8. Be3 0-0-0 9. Ne2 f6 10. Nd4 Ba4 11. exf6 Nxf6 12. b3 Bd7 13. 0-0 Bd6 14. Re1 h6 15. c4 Rhe8 16. a3 Ng4 17. h3 Nxe3 18. Nxe3 Bc5 19. Ndc2 Bc6 20. b4 Bxe3 21. Nxe3 Ba4 22. Rac1 Rd2 23. Rf1 Red8 24. Nd5 c6 25. Ne3 R8d7 26. g4 Rf7 27. Nf5 h5 28. Kg2 g6 29. Ng3 Bc2 30. gxh5 gxh5 31. Nxh5 Bd3 32. Rfe1 Rfxf2+ 33. Kg3 Rf3+ 34. Kh4 Rh2 35. Ng3 e3 36. Kg4 Rhf2 37. h4 Bxc4 38. Rg1 Be6+ 39. Kg5 Rd2 40. Rce1 Rd5+ 41. Kg6 Rd8 42. Nh5 Rg8+ 43. Kh7 Rxg1 44. Rxg1 e2 0-1

[Event "HUN-chT2 Erkel 0203"]
[Site "Hungary"]
[Date "2002.12.08"]
[Round "4"]
[White "Botka, Jozsef"]
[Black "Fazekas, Peter"]
[Result "1-0"]
[WhiteElo "1947"]
[BlackElo "1545"]
[PlyCount "79"]
[EventDate "2002.09.22"]
[EventType "team"]
[EventRounds "11"]
[EventCountry "HUN"]
[SourceTitle "EXT 2009"]
[Source "ChessBase"]
[SourceDate "2008.11.26"]
[SourceVersion "1"]
[SourceVersionDate "2008.11.26"]
[SourceQuality "1"]

1. e4 c5 2. Nf3 d6 3. d4 cxd4 4. Nxd4 Nf6 5. Nc3 Nc6 6. Bc4 e6 7. Be3 Be7 8. Qe2 a6 9. 0-0-0 Nxd4 10. Bxd4 b5 11. Bb3 Bb7 12. f3 0-0 13. g4 Ne8 14. Kb1 Bg5 15. h4 Bf4 16. e5 Qc7 17. exd6 Bxd6 18. h5 h6 19. g5 Bf4 20. gxh6 Bxh6 21. Rhg1 Qf4 22. Rd3 Rd8 23. Be3 Qf6 24. Rxd8 Bxe3 25. Rgd1 Bh6 26. R8d7 Bxf3 27. Qd3 Bxd1 28. Qxd1 Qg5 29. Ra7 Nf6 30. Rxa6 Rb8 31. a3 Nxh5 32. Ra5 Nf6 33. Qf1 Qf4 34. Qxf4 Bxf4 35. Rxb5 Rxb5 36. Nxb5 g5 37. Nd4 g4 38. a4 e5 39. Nf5 g3 40. Nh4 1-0